Countries With A 'Z' Quiz Stats

 Plays Quiz not verified by Sporcle

Challenge
Share
Tweet
Embed
Score 0/16 Timer 03:00
0 Plays Today
Hint Answer % Correct
B _ _ _ _ _Brazil
93.5%
S _ _ _ _ _ _ _ _ _ _Switzerland
93.5%
A _ _ _ _ _ _ _ _ _Azerbaijan
90.9%
K _ _ _ _ _ _ _ _ _Kazakhstan
90.9%
S _ _ _ _ _ _ _ _Swaziland
90.9%
Z _ _ _ _ _Zambia
90.9%
Z _ _ _ _ _ _ _Zimbabwe
90.9%
M _ _ _ _ _ _ _ _ _Mozambique
89.6%
Hint Answer % Correct
N _ _ _ _ _ _ _ _New Zealand
89.6%
T _ _ _ _ _ _ _Tanzania
89.6%
U _ _ _ _ _ _ _ _ _Uzbekistan
89.6%
V _ _ _ _ _ _ _ _Venezuela
89.6%
B _ _ _ _ _Belize
88.3%
Sporcle users don't need hints for this one :)Kyrgyzstan
88.3%
B _ _ _ _ _ _ _ _ _ _ _ _ _ _ _ _ _ _ _Bosnia and Herzegovina
84.4%
C _ _ _ _ _ _ _ _ _ _ _ _Czech Republic
84.4%

You're not logged in!

Compare scores with friends on all Sporcle quizzes.
Join for Free
OR
Log In

You Might Also Like...

Show Comments

Extras

Created May 29, 2015ReportNominate
Tags:Country Quiz, Letter Z

Top Quizzes Today


Score Distribution

Your Account Isn't Verified!

In order to create a playlist on Sporcle, you need to verify the email address you used during registration. Go to your Sporcle Settings to finish the process.

Report this User

Report this user for behavior that violates our Community Guidelines.

Details: